Breve exposición según las enseñanzas de la filosofía cristiana del derecho, de la naturaleza de la ley en general, de las leyes eterna, natural y humana, y de sus conflictos (Record no. 29694)

MARC details
000 -LEADER
campo de control de longitud fija 00670nam a2200157 i 4500
001 - NÚMERO DE CONTROL
campo de control 29694
003 - IDENTIFICADOR DE NÚMERO DE CONTROL
campo de control ES-MaACL
005 - FECHA Y HORA DE LA ÚLTIMA TRANSACCIÓN
campo de control 20230906154056.0
007 - CAMPO FIJO DE DESCRIPCIÓN FÍSICA--INFORMACIÓN GENERAL
campo de control de longitud fija t|
008 - DATOS DE LONGITUD FIJA--INFORMACIÓN GENERAL
campo de control de longitud fija 030122s1903 sp ||||1| spa d
100 1# - ENTRADA PRINCIPAL--NOMBRE DE PERSONA
Nombre de persona Barrera y Vázquez, Manuel.
9 (RLIN) 25935
245 10 - MENCIÓN DEL TÍTULO
Título Breve exposición según las enseñanzas de la filosofía cristiana del derecho, de la naturaleza de la ley en general, de las leyes eterna, natural y humana, y de sus conflictos
Resto del título : discurso leído en el ejercicio de grado de doctor en derecho /
Mención de responsabilidad, etc. por Manuel Barrera y Vázquez.
260 ## - PUBLICACIÓN, DISTRIBUCIÓN, ETC.
Lugar de publicación, distribución, etc. Lugo :
Nombre del editor, distribuidor, etc. [s.n.],
Fecha de publicación, distribución, etc. 1903 (
Fabricante Tip. de G. Castro)
300 ## - DESCRIPCIÓN FÍSICA
Extensión 57 p. ;
Dimensiones 21 cm.
852 ## - LOCALIZACIÓN
Ubicación ES-MaACL
Número de control de estantería T-1031-F-8
Holdings
Estatus retirado Estado de pérdida Estado de daño No para préstamo Colección Biblioteca de origen Biblioteca actual Ubicación en estantería Fecha de adquisición Fuente de adquisición Total de préstamos Signatura topográfica completa Código de barras Visto por última vez Precio de reemplazo Tipo de ítem Koha
        Colección de folletos Biblioteca del Ateneo de Madrid Biblioteca del Ateneo de Madrid Depósito folletos 17/01/2008     T-1031-F-8 1030659 23/02/2023 23/02/2023 Folleto